00710nam a22001935i 450000100060000000300090000600500170001500700030003200800410003504000140007624500800009026000920017030000220026249000310028483000390031585200210035499900170037595201240039253306ES-MaACL20230906162736.0t|940301s1895 sp ||||1| spa d aCLM bspa00aImpresiones y recuerdos b: artículos publicados en el Diario de Cádiz. aCadiz : b[s.n.], c1895 (fImp. de la revista médica, de D. Federico Joly y Velasco) a423 p. ; c24 cm.1 aEpisodios contemporáneos0 aEpisodios contemporáneos9230245 aES-MaACLjC-2582 c53306d53306 001040708LIBXIXaATENEOMbATENEOMcSPALd2008-01-17eSCl0oC-2582p1056011r2023-02-23 00:00:00w2023-02-23yMONANT